| 000 | 00360nam a2200145Ia 4500 | ||
|---|---|---|---|
| 008 | 230917s9999||||xx |||||||||||||| ||und|| | ||
| 020 | _cRS275 | ||
| 040 |
_e238821 _aMAIN |
||
| 041 | _aEnglish | ||
| 100 | _aSingh, Yogender | ||
| 245 | 0 | _aSant Raidas | |
| 260 | _bLokbharati | ||
| 500 | _a2667 10/03/2017 RAJ17/8946 14/03/2017 Sant Kabir Chair | ||
| 942 | _cBK | ||
| 999 |
_c21925 _d21925 |
||